• 首页
  • 本馆介绍
  • 公告通知
  • 最新文献
  • 馆藏检索
  • 电子资源
  • 读者导购
  • 参考咨询
  • 我的图书馆
  • 登录
  • 详细信息显示
  • 放入我的书架
  • 预约/预借图书
  • 作者相关作品
  • 分类相关作品
  • 丛书相关作品
  • 出版社相关作品

书目信息

  • 表格格式
  • 工作单格式
  • 卡片格式
题名:
金融企业会计
    
 
作者: 高杰英 , 郝爱文 主编
分册:  
出版信息: 北京   首都经济贸易大学出版社  2013
页数: 10, 419页
开本: 24cm
丛书名: 高等院校金融学专业核心教材
单 册:
中图分类: F830.42
科图分类:
主题词: 金融会计--会计
电子资源:
ISBN: 978-7-5638-1617-0
000 01441nam 2200277 450
001 2350341701
005 20231217135918.21
010    @a978-7-5638-1617-0@dCNY39.00
100    @a20130506d2013 em y0chiy50 ea
101 0  @achi
102    @aCN@b110000
105    @aak a 000yy
200 1  @a金融企业会计@Ajin rong qi ye kuai ji@f高杰英, 郝爱文主编
210    @a北京@c首都经济贸易大学出版社@d2013
215    @a10, 419页@c图@d24cm
225 2  @a高等院校金融学专业核心教材@Agao deng yuan xiao jin rong xue zhuan ye he xin jiao cai
314    @a高杰英,女,1971年出生,首都经济贸易大学金融学院副教授,主要研究方向为金融中介机构、货币理论和信用管理,具备多年银行从业经验。2005年至今,在首都经济贸易大学从事教学研究工作,期间于2010年在美国明尼苏达商学院访学一年。在《财经科学》等杂志发表论文二十多篇,主持过教育部国家留学基金和北京市教委面上项目,参与多项省部级项目。
320    @a有书目 (第419页)
330    @a本书以我国新《企业会计准则》、金融企业会计处理的有关规定以及国际通行的结算惯例等为依据, 以会计基础知识为主线, 以金融会计专业知识、技巧和特性为支撑、以各项业务的操作技能为重点, 从实际操作的角度反映了金融企业的会计实务。本书内容全面、详实, 文字简洁, 重点突出, 具有很强的实用性和针对性。
410  0 @12001 @a高等院校金融学专业核心教材
606 0  @a金融会计@x会计
690    @aF830.42@v5
701  0 @a高杰英@Agao jie ying@4主编
701  0 @a郝爱文@Ahao ai wen@4主编
801  0 @aCN@b湖北三新@c20131016
905    @aZUCC@dF830.42@e11
    
    金融企业会计/高杰英, 郝爱文主编.-北京:首都经济贸易大学出版社,2013
    10, 419页:图;24cm.-(高等院校金融学专业核心教材)
    
    
    ISBN 978-7-5638-1617-0:CNY39.00
    本书以我国新《企业会计准则》、金融企业会计处理的有关规定以及国际通行的结算惯例等为依据, 以会计基础知识为主线, 以金融会计专业知识、技巧和特性为支撑、以各项业务的操作技能为重点, 从实际操作的角度反映了金融企业的会计实务。本书内容全面、详实, 文字简洁, 重点突出, 具有很强的实用性和针对性。
●
相关链接 在五车中查询图书 在当当中查询图书 在豆瓣中查询图书


正题名:金融企业会计     索取号:F830.42/11         预约/预借

序号 登录号 条形码 馆藏地/架位号 状态 备注
1 2001480497   2001480497   第四书库/四21架A面2层3列/ [索取号:F830.42/11] 在馆    
2 2001480498   2001480498   第四书库/四21架A面2层3列/ [索取号:F830.42/11] 在馆    
3 2001480499   2001480499   第四书库/四21架A面2层3列/ [索取号:F830.42/11] 在馆    
4 2001480500   2001480500   第四书库/四21架A面2层3列/ [索取号:F830.42/11] 在馆    
5 2001480501   2001480501   218书库/ [索取号:F830.42/11] 在馆    
6 2001480502   2001480502   218书库/ [索取号:F830.42/11] 在馆    
7 2001480503   2001480503   218书库/ [索取号:F830.42/11] 在馆    
8 2001480504   2001480504   218书库/ [索取号:F830.42/11] 在馆    
9 2001480505   2001480505   218书库/ [索取号:F830.42/11] 在馆    
10 2001480506   2001480506   218书库/ [索取号:F830.42/11] 在馆    
山东省滨州职业学院图书馆 欢迎您!
大连网信软件有限公司© 版权所有